Statistical Modeling and Computation 2/e

Uloženo v:
Podrobná bibliografie
Hlavní autor: Chan
Médium: Kniha
Vydáno: Springer
Tagy: Přidat tag
Žádné tagy, Buďte první, kdo vytvoří štítek k tomuto záznamu!

MARC

LEADER 00000nam a2200000Ia 4500
005 20260513122052.0
020 |a 9781071641347 
100 |a Chan 
365 |c € 
365 |b 28.00 
942 |c BK 
245 |a Statistical Modeling and Computation 2/e 
260 |b Springer 
999 |c 64  |d 64 
952 |0 0  |1 0  |4 0  |7 0  |a UNSW  |b UNSW  |d 2026-05-06  |g 99.99  |i 16689  |l 0  |p 000131  |r 2026-05-13 12:20:52  |v 99.99  |w 2026-05-13  |y BK